|
|
|
|
| LEADER |
02577nam a2200529 i 4500 |
| 001 |
nkc20203275697 |
| 003 |
CZ PrNK |
| 005 |
20210315100743.0 |
| 007 |
ta |
| 008 |
201210s2020 xr a g 000 m cze |
| 015 |
|
|
|a cnb003275697
|
| 020 |
|
|
|a 978-80-88346-07-4
|q (vázáno) :
|c Kč 550,00
|
| 035 |
|
|
|a (OCoLC)1240908092
|
| 040 |
|
|
|a ABG001
|b cze
|d ABA001
|e rda
|
| 072 |
|
7 |
|a 821.162.3-3
|x Česká próza
|2 Konspekt
|9 25
|
| 080 |
|
|
|a 821.162.3-31
|2 MRF
|
| 080 |
|
|
|a 821.162.3-32
|2 MRF
|
| 080 |
|
|
|a (0:82-312.9)
|2 MRF
|
| 080 |
|
|
|a (0:82-322.9)
|2 MRF
|
| 100 |
1 |
|
|a Antonín, Martina D.,
|d 1978-
|7 xx0010114
|4 aut
|
| 245 |
1 |
0 |
|a Křivé ostří /
|c Martin D. Antonín ; ilustrace Jiřina Kmínková
|
| 250 |
|
|
|a První vydání
|
| 264 |
|
1 |
|a Praha :
|b Straky na vrbě,
|c 2020
|
| 300 |
|
|
|a 854 stran :
|b ilustrace ;
|c 22 cm
|
| 336 |
|
|
|a text
|b txt
|2 rdacontent
|
| 337 |
|
|
|a bez média
|b n
|2 rdamedia
|
| 338 |
|
|
|a svazek
|b nc
|2 rdacarrier
|
| 490 |
1 |
|
|a Česká fantastika ;
|v svazek 146
|
| 500 |
|
|
|a 1333 výtisků
|
| 505 |
0 |
0 |
|t Křivé ostří --
|t Zdvořilostní návštěva --
|t Stříbrná díra
|
| 520 |
2 |
|
|a Se zemitými pány trpaslíky, panošem Jenikem, bitvami, ať už na poli válečném či v hospodě, se při této humorem okořeněné fantasy podíváme na zoubek i Křivému ostří! V tomto vydání navíc dva bonusy.
|b Rhan zuří. Kovář Hengar ho požádal, aby odešel. A na cestu mu dal zbraň, kterou mladý trpaslík sám vykoval. Zbraň, která brzy získá příhodné jméno. Křivé ostří... Mladičký panoš Jenik z Polomi se stane svědkem únosu princezny Violy. Chce-li se pomstít vrahům a získat zpět ztracenou čest, nezbude mu nic jiného, než požádat o pomoc trpaslíky... A ve světě dvorských spiknutí, zablácených bitevních polí a zaplivaných putyk se odehraje příběh hrdinů, o jakých se dlouho vypráví... Nakladatelská anotace. Kráceno.
|
| 655 |
|
7 |
|a české romány
|7 fd133974
|2 czenas
|
| 655 |
|
7 |
|a české novely
|7 fd133969
|2 czenas
|
| 655 |
|
7 |
|a fantasy romány
|7 fd184199
|2 czenas
|
| 655 |
|
7 |
|a fantasy novely
|7 fd352417
|2 czenas
|
| 655 |
|
9 |
|a Czech fiction
|2 eczenas
|
| 655 |
|
9 |
|a Czech novellas
|2 eczenas
|
| 655 |
|
9 |
|a fantasy novels
|2 eczenas
|
| 655 |
|
9 |
|a fantasy novellas
|2 eczenas
|
| 700 |
1 |
|
|a Kmínková, Jiřina
|4 ill
|
| 830 |
|
0 |
|a Česká fantastika
|0 s
|
| 910 |
2 |
|
|a BOA001
|b 2-1458.825
|
| 920 |
|
|
|a 4570116
|z ABG001
|
| 990 |
|
|
|a BK
|
| 995 |
|
|
|a 01
|
| 991 |
|
|
|b 202102
|c NOV
|
| 996 |
6 |
|
|b 2610848817
|c 2-1458.825
|l MZK
|r Sklad / do 1 hodiny
|n 0
|p p.v.
|w 001838377
|u 000010
|a 1
|e BOA001
|j MZK50
|s P
|